[Event "DVM u16 2005"]
[Site "Berlin"]
[Date "2005.12.29"]
[Round "6.3"]
[White "Marsel, Patrick"]
[Black "Gerstner, David"]
[Result "1-0"]
[WhiteElo "1563"]
[BlackElo "1129"]
[PlyCount "65"]
[EventDate "1905.??.??"]

1. e4 e6 2. d4 d5 3. exd5 exd5 4. Bd3 Be6 5. Ne2 Bd6 6. Be3 Nd7 7. Nbc3 a6 8.
Qd2 Ngf6 9. f3 c5 10. dxc5 Nxc5 11. Nf4 Nxd3+ 12. Qxd3 Be5 13. O-O-O Bxf4 14.
Bxf4 O-O 15. g4 Re8 16. Bg5 b5 17. h4 Rc8 18. a3 Rc4 19. Ne4 Qe7 20. Nxf6+ gxf6
21. Bh6 Rec8 22. Rd2 Qd7 23. Rg1 Kh8 24. Rdg2 Qc7 25. Kb1 a5 26. f4 b4 27. a4
Qc6 28. f5 Bd7 29. g5 fxg5 30. Rxg5 Rxc2 31. Bg7+ Kg8 32. Bf6+ Kf8 33. Rg8# 1-0

[Event "DVM u16 2005"]
[Site "Berlin"]
[Date "2005.12.29"]
[Round "6.4"]
[White "Danes, Patrick"]
[Black "Förschner, Lucas"]
[Result "0-1"]
[WhiteElo "1129"]
[BlackElo "1583"]
[PlyCount "86"]
[EventDate "1905.??.??"]

1. e4 c5 2. Nc3 Nc6 3. Bc4 e6 4. d3 Nf6 5. Bg5 Be7 6. Nf3 d6 7. O-O O-O 8. Re1
Qc7 9. d4 cxd4 10. Nxd4 a6 11. Nxc6 bxc6 12. a3 Re8 13. Qf3 Nd7 14. Bxe7 Rxe7
15. b4 Bb7 16. Qg3 Ree8 17. Rad1 Ne5 18. Bb3 Red8 19. Rd2 Rac8 20. a4 Ng6 21.
Re3 Qe7 22. b5 axb5 23. axb5 c5 24. Bc4 Ne5 25. Be2 Ra8 26. Rd1 Qc7 27. f4 Ng6
28. f5 exf5 29. exf5 Ne5 30. Nd5 Bxd5 31. Rxd5 f6 32. c4 Ra1+ 33. Kf2 Qa5 34.
Rd1 Rxd1 35. Bxd1 Qd2+ 36. Be2 Nxc4 37. Rd3 Qb2 38. Rb3 Qd4+ 39. Ke1 Qg1+ 40.
Bf1 Re8+ 41. Kd1 Qxf1+ 42. Kc2 Re2+ 43. Kc3 Qc1+ 0-1

[Event "DVM u16 2005"]
[Site "Berlin"]
[Date "2005.01.01"]
[Round "7.4"]
[White "Rudolf, Sebastian"]
[Black "Strathoff, Jens"]
[Result "1/2-1/2"]
[WhiteElo "1901"]
[BlackElo "1838"]
[PlyCount "20"]
[EventDate "2000.??.??"]

1. e4 e5 2. Nf3 Nc6 3. d4 exd4 4. Nxd4 Bc5 5. Nxc6 Qf6 6. Qd2 dxc6 7. Nc3 Be6
8. Na4 Rd8 9. Bd3 Bd4 10. O-O b5 1/2-1/2

[Event "DVM u16 2005"]
[Site "Berlin"]
[Date "2005.12.30"]
[Round "7.1"]
[White "Huschenbeth, Niclas"]
[Black "Schneider, David"]
[Result "1/2-1/2"]
[WhiteElo "2272"]
[BlackElo "2192"]
[PlyCount "87"]
[EventDate "2000.??.??"]

1. e4 e5 2. Nf3 Nf6 3. d4 Nxe4 4. Bd3 Nc6 5. d5 Nc5 6. dxc6 e4 7. cxb7 Bxb7 8.
Be2 exf3 9. Bxf3 Bxf3 10. Qxf3 Be7 11. O-O O-O 12. Nc3 Ne6 13. Nd5 Bc5 14. Be3
c6 15. Bxc5 Nxc5 16. Ne3 d5 17. Nf5 Qf6 18. Qa3 Ne4 19. Ne3 Rfb8 20. f3 Nd6 21.
b3 Nb5 22. Qc5 Qd6 23. Qxd6 Nxd6 24. Kf2 Kf8 25. Rfe1 Re8 26. Ng4 f6 27. Rxe8+
Rxe8 28. Re1 Rxe1 29. Kxe1 Ke7 30. Kd2 Nf5 31. Ne3 Nxe3 32. Kxe3 a5 33. a3 c5
34. c3 Kd6 35. Kd3 Kc6 36. f4 f5 37. g3 g6 38. h3 h5 39. Kd2 Kb5 40. Kc2 Kc6
41. b4 axb4 42. axb4 d4 43. Kd3 dxc3 44. bxc5 1/2-1/2

[Event "DVM u16 2005"]
[Site "Berlin"]
[Date "2005.12.30"]
[Round "7.2"]
[White "Seyb, Alexander"]
[Black "Moshtael, Wesal"]
[Result "1/2-1/2"]
[WhiteElo "2068"]
[BlackElo "1966"]
[PlyCount "82"]
[EventDate "2000.??.??"]

1. e4 c5 2. Nf3 Nc6 3. d4 cxd4 4. Nxd4 Nf6 5. Nc3 e5 6. Ndb5 d6 7. Bg5 a6 8.
Na3 b5 9. Bxf6 gxf6 10. Nd5 f5 11. Bd3 Be6 12. O-O Bxd5 13. exd5 Ne7 14. Re1
Bg7 15. c3 Qd7 16. Nc2 O-O 17. Nb4 Rfc8 18. a4 bxa4 19. Qxa4 Qxa4 20. Rxa4 a5
21. Nc6 Nxd5 22. Bc4 Nb6 23. Ne7+ Kf8 24. Nxc8 Nxa4 25. Nxd6 Nxb2 26. Ba2 Na4
27. Bxf7 Rd8 28. Nb7 Rd7 29. Bb3 Rxb7 30. Bxa4 {(=)} Rc7 31. Rc1 Ke7 32. Kf1
Rc5 33. Ke2 Rc4 34. Bb5 Re4+ 35. Kd3 Rh4 36. h3 e4+ 37. Kc2 Rf4 38. Rf1 Kd6 39.
Be2 Rh4 40. Ra1 f4 41. Rxa5 f3 {(=)} 1/2-1/2

[Event "DVM u16 2005"]
[Site "Berlin"]
[Date "2005.12.30"]
[Round "7.3"]
[White "Schmidt, Armin"]
[Black "Kirch, Daniel"]
[Result "0-1"]
[WhiteElo "1910"]
[BlackElo "1864"]
[PlyCount "140"]
[EventDate "2000.??.??"]

1. e4 Nf6 2. e5 Nd5 3. d4 d6 4. Bc4 e6 5. Qe2 Nb6 6. Bb3 Nc6 7. Nf3 Be7 8. O-O
O-O 9. c3 Qd7 10. Nbd2 Nd5 11. Bc2 Nf4 12. Qe4 Ng6 13. h4 dxe5 14. dxe5 Qd5 15.
Re1 Qxe4 16. Rxe4 h5 17. Nf1 b6 18. Ng3 Bb7 19. Nxh5 Ncxe5 20. Nxe5 Bxe4 21.
Bxe4 Nxe5 22. Bf4 Bd6 23. Bxa8 Rxa8 24. Rd1 Kf8 25. Bc1 Ng6 26. g3 f6 27. Nf4
Nxf4 28. Bxf4 Bxf4 29. gxf4 Ke7 30. Kg2 Rh8 31. Kg3 Rh5 32. c4 Rc5 33. b3 a5
34. Rd3 a4 35. Kg4 axb3 36. axb3 g6 37. Rd4 Ra5 38. Rd3 Ra1 39. Rh3 Rg1+ 40.
Rg3 Rh1 41. Rd3 Rb1 42. Rh3 Rb2 43. Rf3 Kf7 44. h5 f5+ 45. Kg5 gxh5 46. Kxh5
Kf6 47. Kh4 Rb1 48. Kg3 Rg1+ 49. Kh2 Rg4 50. Kh3 Ke7 51. b4 Rg1 52. Rd3 Rc1 53.
c5 bxc5 54. bxc5 Rxc5 55. Kg3 Rc4 56. Kf3 Re4 57. Kg3 c5 58. f3 Rd4 59. Rc3 c4
60. Kf2 Kd6 61. Ke3 Kc5 62. Ra3 Rd6 63. Ra5+ Kb4 64. Ra8 c3 65. Rb8+ Ka3 66.
Rc8 Kb2 67. Rb8+ Kc1 68. Rc8 c2 69. Ke2 Rb6 70. Rc4 Kb1 0-1

[Event "DVM u16 2005"]
[Site "Berlin"]
[Date "2005.12.30"]
[Round "7.4"]
[White "Hofmann, Benjamin"]
[Black "Wenzel, Birger"]
[Result "1-0"]
[WhiteElo "1877"]
[BlackElo "1672"]
[PlyCount "73"]
[EventDate "2000.??.??"]

1. e4 e6 2. d4 d5 3. Nc3 Bb4 4. Nge2 Nc6 5. e5 f6 6. exf6 Qxf6 7. Be3 Nh6 8.
Qd3 Ng4 9. h3 Nxe3 10. fxe3 O-O 11. O-O-O Qh6 12. Kb1 Ne7 13. e4 dxe4 14. Nxe4
Nd5 15. g4 Be7 16. h4 e5 17. g5 Qc6 18. dxe5 Nb4 19. Nd4 Nxd3 20. Nxc6 bxc6 21.
Bxd3 Be6 22. Rhf1 Rad8 23. Rxf8+ Rxf8 24. Rf1 Rxf1+ 25. Bxf1 Bd5 26. Ng3 Be6
27. Ne4 Bd5 28. Ng3 g6 29. c4 Bf3 30. Be2 Bxe2 31. Nxe2 h6 32. Nf4 Kf7 33. gxh6
Bxh4 34. e6+ Kg8 35. Nxg6 Bg5 36. h7+ Kxh7 37. e7 1-0

[Event "DVM u16 2005"]
[Site "Berlin"]
[Date "2005.12.30"]
[Round "7.1"]
[White "Bracker, Frank"]
[Black "Baisakow, Alexander"]
[Result "1-0"]
[WhiteElo "1964"]
[BlackElo "1926"]
[PlyCount "41"]
[EventDate "2000.??.??"]

1. e4 c5 2. Nf3 d6 3. d4 cxd4 4. Nxd4 Nf6 5. Nc3 a6 6. Bg5 e6 7. f4 Be7 8. Qf3
Nbd7 9. Bc4 h6 10. Bxf6 Bxf6 11. O-O-O O-O 12. g4 Qc7 13. Bb3 b5 14. h4 b4 15.
Nce2 Bb7 16. g5 Bxd4 17. Rxd4 d5 18. gxh6 dxe4 19. Qg3 g6 20. Bxe6 Kh7 21. Rxd7
1-0

[Event "DVM u16 2005"]
[Site "Berlin"]
[Date "2005.12.30"]
[Round "7.2"]
[White "van Akkeren, Arno"]
[Black "Colpe, Malte"]
[Result "0-1"]
[WhiteElo "1811"]
[BlackElo "1937"]
[PlyCount "90"]
[EventDate "2000.??.??"]

1. e4 e5 2. Nf3 Nc6 3. Bc4 Bc5 4. Nc3 Nf6 5. d3 d6 6. Na4 Bb6 7. c3 h6 8. Nxb6
axb6 9. Be3 O-O 10. Bb3 d5 11. exd5 Nxd5 12. Bxd5 Qxd5 13. c4 Qd6 14. h3 f5 15.
O-O f4 16. Bd2 Qxd3 17. Bc3 Qf5 18. Nh4 Qf6 19. Qh5 Be6 20. b3 Bf7 21. Qg4 h5
22. Qd7 Qxh4 23. Kh2 Qd8 24. Qxd8 Raxd8 25. Rfe1 Rfe8 26. Re2 Nd4 27. Rd2 c5
28. Rad1 g5 29. Kg1 g4 30. h4 f3 31. g3 Ne2+ 32. Kf1 Rxd2 33. Bxd2 Rd8 34. Ke1
Bg6 35. Ra1 e4 36. Be3 Rd3 37. Rd1 Rc3 38. Rd8+ Kg7 39. Rd7+ Bf7 40. Kd2 Rc1
41. Rxb7 Ra1 42. Rxb6 Rxa2+ 43. Ke1 Nd4 44. Bxd4+ cxd4 45. Rd6 e3 0-1

[Event "DVM u16 2005"]
[Site "Berlin"]
[Date "2005.12.30"]
[Round "7.3"]
[White "Bracker, Arne"]
[Black "Kleinschmidt, Rene"]
[Result "1-0"]
[WhiteElo "1905"]
[BlackElo "1599"]
[PlyCount "65"]
[EventDate "2000.??.??"]

1. e4 c5 2. Nf3 Nc6 3. Bb5 g6 4. Bxc6 bxc6 5. O-O Bg7 6. Re1 Nf6 7. e5 Nd5 8.
c4 Nb6 9. d3 O-O 10. Nc3 d6 11. Bf4 d5 12. b3 Bf5 13. h3 Qc8 14. Qe2 a5 15. a4
Rd8 16. Rad1 Rb8 17. Nb1 Rb7 18. Qe3 Nd7 19. Nbd2 Qa8 20. Ng5 h6 21. Nxf7 Kxf7
22. e6+ Kg8 23. exd7 Bd4 24. Qe2 Rbxd7 25. g4 g5 26. gxf5 gxf4 27. Qe6+ Kf8 28.
Kh1 Bxf2 29. Nf3 Kg7 30. Qg6+ Kf8 31. Qxh6+ Kg8 32. Re6 Rd6 33. Ng5 1-0

[Event "DVM u16 2005"]
[Site "Berlin"]
[Date "2005.12.30"]
[Round "7.4"]
[White "Sanning, Nico"]
[Black "Meise, Leonard"]
[Result "0-1"]
[WhiteElo "1609"]
[BlackElo "1862"]
[PlyCount "110"]
[EventDate "2000.??.??"]

1. e4 c5 2. Nc3 Nc6 3. f4 g6 4. Bc4 Bg7 5. Nf3 e6 6. e5 Na5 7. Be2 d5 8. d4 b6
9. O-O Ne7 10. g4 a6 11. Be3 Nb7 12. a4 Qc7 13. Qe1 Bd7 14. Bd3 h5 15. g5 O-O
16. Nh4 cxd4 17. Bxd4 Nc5 18. Be2 Ne4 19. Nxe4 dxe4 20. Qd1 Nf5 21. Nxf5 exf5
22. c3 Qc6 23. b4 b5 24. a5 Be6 25. Rc1 Rfd8 26. Qd2 Bc4 27. Rfe1 Rd5 28. Bxc4
bxc4 29. Qb2 Rad8 30. Red1 Bf8 31. Kf2 Qb7 32. Ke3 Rxa5 33. Rd2 Ra4 34. Ra1
Rxa1 35. Qxa1 Be7 36. h4 Kf8 37. Qa5 Rd5 38. Qb6 Qxb6 39. Bxb6 Rxd2 40. Kxd2
Ke8 41. Ke3 Kd7 42. Kd4 Kc6 43. Ba5 Kb5 44. Bc7 Bxb4 45. cxb4 Kxb4 46. Bb6 c3
47. Kd5 c2 48. Be3 Kc3 49. Kd6 Kd3 50. Bc1 e3 51. Ke7 e2 52. Kxf7 e1=Q 53. Kxg6
Qxc1 54. Kxf5 Qa3 55. e6 c1=Q 0-1

[Event "DVM u16 2005"]
[Site "Berlin"]
[Date "2005.12.30"]
[Round "7.1"]
[White "Babczyk, Adrian"]
[Black "Knickel, Aaron"]
[Result "1-0"]
[WhiteElo "1948"]
[BlackElo "1918"]
[PlyCount "71"]
[EventDate "2000.??.??"]

1. Nf3 d6 2. d4 Nf6 3. c4 Nbd7 4. Nc3 g6 5. e4 e5 6. d5 Nc5 7. Qc2 a5 8. Be3 b6
9. a3 Bg7 10. Rb1 Ncxe4 11. Nxe4 Nxe4 12. Bd3 Nc5 13. Bxc5 bxc5 14. Nd2 f5 15.
f3 Qh4+ 16. g3 Qf6 17. O-O Bd7 18. Kg2 O-O 19. b4 axb4 20. axb4 Ra3 21. Be2 Ba4
22. Qb2 cxb4 23. Qxb4 Ra2 24. Ra1 Rxa1 25. Rxa1 Bd7 26. Ra7 c5 27. Qb6 Rd8 28.
Ra6 Be8 29. Nb3 Qe7 30. Na5 Rd7 31. Ra8 Kf8 32. Nc6 Qf7 33. Nd8 Qe7 34. Ne6+
Kf7 35. Bd1 Rb7 36. Qxb7 1-0

[Event "DVM u16 2005"]
[Site "Berlin"]
[Date "2005.12.30"]
[Round "7.2"]
[White "Weber, Max"]
[Black "Tkachuk, Konstantyn"]
[Result "1/2-1/2"]
[WhiteElo "1885"]
[BlackElo "1955"]
[PlyCount "84"]
[EventDate "2000.??.??"]

1. b3 Nf6 2. Bb2 g6 3. e3 Bg7 4. d4 O-O 5. Nd2 d5 6. Ngf3 Nbd7 7. Bd3 c5 8. c4
b6 9. O-O Bb7 10. Qb1 Rc8 11. Re1 cxd4 12. exd4 e6 13. a3 Qc7 14. Ra2 dxc4 15.
Bxc4 Nd5 16. Ba1 Rfd8 17. b4 Ne7 18. Bd3 Nf5 19. Rc2 Qf4 20. Be4 Bxe4 21. Rxe4
Qb8 22. Rxc8 Qxc8 23. Re1 Nf6 24. Rc1 Qb7 25. Qc2 Nd5 26. g4 Nfe7 27. Qe4 {(=)}
Rc8 28. Rxc8+ Qxc8 29. Bb2 Qc7 30. Ne5 Nc8 31. Nec4 Nf4 32. Ne5 Bh6 33. Ndf3 f5
34. gxf5 gxf5 35. Qc6 Qxc6 36. Nxc6 Nd3 37. Bc3 Kf7 38. Kf1 Bc1 39. a4 Nf4 40.
Nfe5+ Ke8 41. Ke1 Nd5 42. Bd2 Bxd2+ 1/2-1/2

[Event "DVM u16 2005"]
[Site "Berlin"]
[Date "2005.12.30"]
[Round "7.3"]
[White "Rohovoy, Dimitrij"]
[Black "Seifert, Christopher"]
[Result "0-1"]
[WhiteElo "1469"]
[BlackElo "1809"]
[PlyCount "102"]
[EventDate "2000.??.??"]

1. d4 Nf6 2. c4 e6 3. Nc3 d5 4. e3 Be7 5. Nf3 O-O 6. Bd3 b6 7. O-O Bb7 8. cxd5
exd5 9. Bb1 Nbd7 10. Qc2 Ne4 11. Nd2 Ndf6 12. Ndxe4 dxe4 13. Ne2 Bd6 14. Ng3
Qd7 15. b3 Rae8 16. Bb2 Ng4 17. h3 Nxe3 18. fxe3 Bxg3 19. Ba3 Bd6 20. Bxd6 Qxd6
21. Rf4 f5 22. Qf2 Qd7 23. Qg3 Qe7 24. Bc2 c5 25. Rd1 Rd8 26. dxc5 Qxc5 27.
Rxd8 Rxd8 28. Rf2 g6 29. Qg5 Rf8 30. Kh1 Qe5 31. a4 Kg7 32. Rd2 Rf7 33. b4 Qc3
34. Rf2 Qe1+ 35. Kh2 Qxf2 36. Bb3 Rd7 37. Be6 Rd2 38. h4 Qxg2+ 39. Qxg2 Rxg2+
40. Kxg2 Kf6 41. Bc4 h6 42. Kg3 g5 43. hxg5+ hxg5 44. Be2 Ke5 45. Kf2 f4 46.
exf4+ gxf4 47. Bd1 Kd4 48. b5 e3+ 49. Ke1 f3 50. Bc2 Be4 51. Bb3 f2+ 0-1

[Event "DVM u16 2005"]
[Site "Berlin"]
[Date "2005.12.30"]
[Round "7.4"]
[White "Hummel, Florian"]
[Black "Wilms, Christoph"]
[Result "1-0"]
[WhiteElo "1489"]
[BlackElo "1520"]
[PlyCount "53"]
[EventDate "2000.??.??"]

1. d4 Nf6 2. c4 g6 3. Nf3 Bg7 4. Bg5 d6 5. Nc3 O-O 6. e4 Na6 7. Rc1 c5 8. d5
Bd7 9. Be2 Rb8 10. O-O Nc7 11. Re1 h6 12. Bh4 Qc8 13. e5 dxe5 14. Nxe5 Bf5 15.
Bd3 Re8 16. Qf3 Bxd3 17. Qxd3 g5 18. Bg3 Nd7 19. Qf3 Nxe5 20. Bxe5 Bxe5 21.
Rxe5 Qd7 22. b3 Qd6 23. Rce1 Rbd8 24. h4 Qf6 25. Qg4 Qf4 26. Qxf4 gxf4 27. Rxe7
1-0

[Event "DVM u16 2005"]
[Site "Berlin"]
[Date "2005.12.30"]
[Round "7.1"]
[White "Hirneise, Tobias"]
[Black "Lange, Jan-David"]
[Result "1-0"]
[WhiteElo "2149"]
[BlackElo "1913"]
[PlyCount "71"]
[EventDate "2000.??.??"]

1. e4 e6 2. d3 d5 3. Nd2 c5 4. Ngf3 Nc6 5. g3 Nf6 6. Bg2 Be7 7. O-O e5 8. Re1
d4 9. Nc4 Nd7 10. a4 O-O 11. Bh3 Qc7 12. Rf1 Nb6 13. Bxc8 Raxc8 14. b3 f5 15.
Nxb6 axb6 16. exf5 Rxf5 17. Nd2 Nb4 18. Ne4 Rcf8 19. Bd2 Nd5 20. Qe2 Qc6 21.
Rae1 Qg6 22. g4 Rf3 23. Ng3 Bd6 24. Qe4 Qxe4 25. Nxe4 Bc7 26. Kg2 R3f7 27. h3
Kh8 28. Re2 h6 29. Rh1 Nf6 30. Ng3 Ng8 31. g5 Kh7 32. h4 Bd8 33. Rf1 Re8 34. f4
Bc7 35. f5 g6 36. h5 1-0

[Event "DVM u16 2005"]
[Site "Berlin"]
[Date "2005.12.30"]
[Round "7.2"]
[White "Schäfer, Alexander"]
[Black "Hirneise, Jens"]
[Result "0-1"]
[WhiteElo "1784"]
[BlackElo "1902"]
[PlyCount "68"]
[EventDate "2000.??.??"]

1. e4 c5 2. Nf3 e6 3. d4 cxd4 4. Nxd4 a6 5. Bd3 Bc5 6. Nb3 Ba7 7. O-O Nc6 8. c4
Nge7 9. Nc3 O-O 10. Bf4 d6 11. Re1 e5 12. Bg3 Be6 13. Qh5 Nb4 14. Bb1 Bxc4 15.
Rd1 Nbc6 16. Nd2 Be6 17. Nf3 f6 18. Nd5 Nd4 19. Nxd4 Bxd4 20. Bc2 Rc8 21. Bb3
Nxd5 22. exd5 Bf7 23. Qe2 Bg6 24. Rac1 Qb6 25. h4 f5 26. h5 Rxc1 27. Rxc1 f4
28. hxg6 fxg3 29. gxh7+ Kh8 30. Qg4 Bxf2+ 31. Kh1 Qe3 32. Rf1 Rf6 33. Qc8+ Kxh7
34. Bc2+ e4 0-1

[Event "DVM u16 2005"]
[Site "Berlin"]
[Date "2005.12.30"]
[Round "7.3"]
[White "Zeyher, Marius"]
[Black "Döring, Andreas"]
[Result "0-1"]
[WhiteElo "1611"]
[BlackElo "1693"]
[PlyCount "68"]
[EventDate "2000.??.??"]

1. e4 e6 2. d4 d5 3. Nc3 Bb4 4. e5 c5 5. a3 Bxc3+ 6. bxc3 Qc7 7. Nf3 Ne7 8. a4
Bd7 9. Bd3 Qa5 10. Bd2 c4 11. Be2 Bxa4 12. Qb1 b5 13. O-O Nd7 14. Qb2 O-O 15.
Rfb1 Nc6 16. Ne1 Nxd4 17. cxd4 Qxd2 18. Bf1 a5 19. Rd1 Qb4 20. Qc1 Qe7 21. Ra3
Nb6 22. Rg3 Kh8 23. Qe3 b4 24. f4 f5 25. Rh3 Be8 26. Nf3 a4 27. Ng5 Bg6 28. Be2
h6 29. Bh5 Bxh5 30. Rxh5 Kg8 31. Qh3 b3 32. cxb3 axb3 33. Nf3 c3 34. Rc1 b2 0-1

[Event "DVM u16 2005"]
[Site "Berlin"]
[Date "2005.12.30"]
[Round "7.1"]
[White "Koch, Friedrich"]
[Black "Gadschisade, Machmud"]
[Result "0-1"]
[WhiteElo "1707"]
[BlackElo "1856"]
[PlyCount "90"]
[EventDate "2000.??.??"]

1. e4 Nf6 2. Nc3 d5 3. exd5 Nxd5 4. Bc4 Nb6 5. Bb3 Nc6 6. d4 Nxd4 7. Be3 e5 8.
Qh5 Qf6 9. Bxd4 exd4 10. Ne4 Qe7 11. O-O-O g6 12. Qb5+ Bd7 13. Qd3 O-O-O 14.
Nf3 Bg7 15. Rhe1 Be6 16. Kb1 Rhe8 17. Neg5 Nd5 18. g3 Rd6 19. Nxe6 fxe6 20.
Nxd4 Qf6 21. c3 Qxf2 22. Re2 Qf7 23. Rxe6 Rexe6 24. Nxe6 Nxc3+ 25. bxc3 Rxd3
26. Rxd3 Qf1+ 27. Rd1 Qf5+ 28. Kc1 Bh6+ 29. Nf4 Bxf4+ 30. gxf4 Qxf4+ 31. Kb1
Qf5+ 32. Kb2 c6 33. Rc1 Kc7 34. Rc2 h5 35. Re2 a5 36. a4 b5 37. Re7+ Kd6 38.
Rf7 Qe5 39. axb5 cxb5 40. Ra7 b4 41. Ra6+ Kc7 42. Rxg6 Qxc3+ 43. Kb1 Qxb3+ 44.
Ka1 Qc3+ 45. Kb1 Qd3+ 0-1

[Event "DVM u16 2005"]
[Site "Berlin"]
[Date "2005.12.30"]
[Round "7.2"]
[White "Liwerant, Igor"]
[Black "Nötzel, Felix"]
[Result "1-0"]
[WhiteElo "1466"]
[BlackElo "1743"]
[PlyCount "43"]
[EventDate "2000.??.??"]

1. e4 d5 2. e5 c5 3. Nf3 Nc6 4. Bb5 Bg4 5. d3 e6 6. Bxc6+ bxc6 7. O-O Ne7 8.
Bg5 Qb8 9. Nbd2 Ng6 10. Re1 Qxb2 11. Qb1 Qxb1 12. Raxb1 Be7 13. Bxe7 Nxe7 14.
Rb7 f6 15. exf6 gxf6 16. h3 Bxf3 17. Rxe6 Bd1 18. Rexe7+ Kd8 19. Rbd7+ Kc8 20.
Rc7+ Kd8 21. Nb3 Re8 22. Red7# 1-0

[Event "DVM u16 2005"]
[Site "Berlin"]
[Date "2005.12.30"]
[Round "7.3"]
[White "Melzer, Alexander"]
[Black "Wittig, Till"]
[Result "1-0"]
[WhiteElo "1551"]
[BlackElo "1407"]
[PlyCount "74"]
[EventDate "2000.??.??"]

1. Nf3 d5 2. g3 Nf6 3. Bg2 c6 4. O-O Bf5 5. d3 Nbd7 6. c4 e6 7. a3 Be7 8. b4
O-O 9. Bf4 Re8 10. b5 cxb5 11. cxb5 Rc8 12. Nbd2 Qb6 13. a4 Bg6 14. Rc1 Qa5 15.
Ra1 a6 16. Nb3 Qb6 17. bxa6 Qxa6 18. Nbd4 Bc5 19. Nb5 e5 20. Bg5 d4 21. Bh3 Rc6
22. Qb3 h6 23. Bxf6 Nxf6 24. Bg2 Re7 25. Nh4 Rb6 26. Nxg6 Ree6 27. Nh4 e4 28.
Qc2 exd3 29. exd3 Re5 30. Nf3 Rh5 31. Nfxd4 Bxd4 32. Nxd4 Rd6 33. Nb5 Re6 34.
Qc8+ Kh7 35. Qxb7 Qxb7 36. Bxb7 Ng4 37. Bf3 Rf6 1-0

[Event "DVM u16 2005"]
[Site "Berlin"]
[Date "2005.12.30"]
[Round "7.1"]
[White "Lorenz, Nicole"]
[Black "Günnigmann, Manuel"]
[Result "0-1"]
[WhiteElo "1609"]
[BlackElo "1824"]
[PlyCount "98"]
[EventDate "2000.??.??"]

1. e4 c5 2. Nf3 e6 3. d4 cxd4 4. Nxd4 a6 5. Nc3 Qc7 6. Bd3 Nf6 7. O-O d6 8. f4
Be7 9. Qf3 O-O 10. Be3 Nc6 11. Nxc6 bxc6 12. Rae1 Bb7 13. Qh3 e5 14. fxe5 dxe5
15. Bc4 Bc8 16. Qg3 Kh8 17. Kh1 Rb8 18. Rb1 Rb4 19. Bd3 Nd7 20. a3 Rb8 21. Bc4
f6 22. Rf3 Bc5 23. Qh4 Bxe3 24. Rxe3 Nc5 25. Ne2 Be6 26. Bxe6 Nxe6 27. Rh3 Ng5
28. Rd3 Rfd8 29. Rxd8+ Qxd8 30. Nc3 Qd2 31. Rd1 Qxc2 32. Qg4 Qxb2 33. Qd7 h6
34. Qxc6 Qb7 35. Qc4 Rc8 36. Qd3 Qb3 37. h4 Qxc3 38. hxg5 Qxd3 39. Rxd3 hxg5
40. Kh2 Rc4 41. Re3 Kg8 42. Kg3 Kf7 43. Kg4 Ke6 44. Kh5 Kf7 45. Kg4 a5 46. Kf3
a4 47. g3 Rc2 48. Rd3 Ke7 49. g4 Rh2 0-1

[Event "DVM u16 2005"]
[Site "Berlin"]
[Date "2005.12.30"]
[Round "7.2"]
[White "Seemann, Semjon"]
[Black "Schäfer, Erik"]
[Result "1/2-1/2"]
[WhiteElo "1844"]
[BlackElo "1770"]
[PlyCount "114"]
[EventDate "2000.??.??"]

1. e4 c5 2. Nf3 e6 3. d4 cxd4 4. Nxd4 a6 5. Nc3 Qc7 6. g3 Nf6 7. Bg2 Nc6 8. O-O
d6 9. Re1 Be7 10. Nxc6 bxc6 11. e5 Nd7 12. exd6 Bxd6 13. Qg4 Be5 14. f4 Bxc3
15. bxc3 O-O 16. Ba3 Re8 17. Kh1 Nf6 18. Qf3 Bb7 19. c4 Rad8 20. Rad1 Qa5 21.
Bb2 Qf5 22. Rd3 Rxd3 23. cxd3 Rd8 24. d4 Qc2 25. Qc3 Qxc3 26. Bxc3 Ne8 27. Kg1
Nd6 28. Rb1 Ba8 29. c5 Nf5 30. Rb6 f6 31. Bxc6 Bxc6 32. Rxc6 Nxd4 33. Bxd4 Rxd4
34. Rxa6 Rc4 35. c6 Kf7 36. Ra7+ Ke8 37. Rxg7 Rxc6 38. Rxh7 Ra6 39. Kf2 Rxa2+
40. Ke3 Kf8 41. h4 Ra3+ 42. Kf2 Ra2+ 43. Kf3 Ra3+ {(=)} 44. Kg4 f5+ 45. Kh3 Ra1
46. h5 Rh1+ 47. Kg2 Ra1 48. h6 Kg8 49. Re7 Re1 50. Kf2 Re4 51. Kg2 Re1 {(=)}
52. h7+ Kh8 53. Kf3 Rh1 54. Ke3 Rxh7 55. Rxh7+ Kxh7 56. Kd4 Kg6 57. Ke5 Kf7 {
(=)} 1/2-1/2

[Event "DVM u16 2005"]
[Site "Berlin"]
[Date "2005.12.30"]
[Round "7.3"]
[White "Marsel, Patrick"]
[Black "Catrais, Michael"]
[Result "1-0"]
[WhiteElo "1563"]
[BlackElo "1635"]
[PlyCount "196"]
[EventDate "2000.??.??"]

1. e4 c5 2. Nf3 Nc6 3. d4 cxd4 4. Nxd4 Nf6 5. Nc3 e5 6. Ndb5 d6 7. Bg5 a6 8.
Na3 b5 9. Nd5 Be7 10. Bxf6 Bxf6 11. c3 Ne7 12. Nc2 Nxd5 13. Qxd5 Rb8 14. Ne3
Bb7 15. Qd3 g6 16. Rd1 Be7 17. Nd5 Bxd5 18. Qxd5 O-O 19. Bd3 Kh8 20. O-O Qb6
21. Bc2 f5 22. Rd3 Rf6 23. Rh3 f4 24. Qd1 Qc7 25. Bb3 Qd7 26. Rd3 Rc8 27. Rd5
Qe8 28. Qf3 g5 29. Bd1 Qg6 30. Qg4 Rd8 31. Bf3 Kg7 32. Qh5 Rb8 33. Qxg6+ Kxg6
34. Bg4 h5 35. Bf5+ Kg7 36. b4 Rff8 37. Rfd1 Rb6 38. R1d3 Ra8 39. a3 Ra7 40.
Rd1 Rc6 41. R5d3 Rac7 42. Rc1 Kf6 43. Bh7 Kg7 44. Bf5 Bf8 45. Be6 Kf6 46. Bd5
Rb6 47. Ra1 Rb8 48. a4 Rbc8 49. axb5 axb5 50. Ra3 Be7 51. Kf1 Bd8 52. Ke2 Ke7
53. Kd2 Rd7 54. Ra6 Rb8 55. Bc6 Rc7 56. Bd5 Rd7 57. Kc2 Rc7 58. Bb3 Rd7 59. Kb2
Rdb7 60. Rd5 Bc7 61. Bd1 Rd8 62. Be2 Rdb8 {(=)} 63. Kb3 h4 64. h3 Kd8 65. Kc2
Ke7 66. Kd2 Kd8 67. Bd3 Ke7 68. Ke2 Kf6 69. Kf3 Kg7 70. Kg4 Kf6 71. Rc6 Ke6 72.
Bxb5 Rxb5 73. Rxb5 Rxb5 74. Rxc7 Rb8 75. f3 Kf6 76. Rc6 Ke7 77. Rc7+ Kf6 78.
Rh7 Rc8 79. Rh6+ Ke7 80. Kxg5 Rxc3 81. Rxh4 Rb3 82. Kf5 Rxb4 83. Rh7+ Kf8 84.
Ke6 Rb2 85. Kxd6 Rd2+ 86. Kxe5 Rxg2 87. Kxf4 Ra2 88. e5 Re2 89. Kf5 Re3 90. f4
Ra3 91. h4 Ra5 92. h5 Ra6 93. h6 Rb6 94. Kg5 Ke8 95. Ra7 Rb1 96. h7 Rh1 97.
Ra8+ Kd7 98. h8=Q Rxh8 1-0

[Event "DVM u16 2005"]
[Site "Berlin"]
[Date "2005.12.30"]
[Round "7.4"]
[White "Günnigmann, Laura"]
[Black "Förschner, Lucas"]
[Result "1/2-1/2"]
[WhiteElo "1490"]
[BlackElo "1583"]
[PlyCount "103"]
[EventDate "2000.??.??"]

1. e4 c5 2. Nf3 e6 3. d4 cxd4 4. Nxd4 a6 5. Nc3 Qc7 6. g3 Nf6 7. Bg2 Be7 8. O-O
O-O 9. Re1 d6 10. h3 Nbd7 11. f4 Rb8 12. a4 b6 13. g4 Bb7 14. Qe2 e5 15. Nf5
Qd8 16. Rd1 Ne8 17. Be3 g6 18. Nxe7+ Qxe7 19. f5 Ng7 20. Qf2 Ba8 21. Rd2 Rfd8
22. Rad1 Ne8 23. Qg3 g5 24. Qf2 f6 25. Nd5 Bxd5 26. Rxd5 Nc5 27. b3 Rdc8 28.
Bxc5 bxc5 29. Bf1 Qb7 30. Bc4 Kg7 31. Qe2 Rc6 32. Qd2 Qb6 33. Kg2 h6 34. Kg3
Rb7 35. Rh1 Kh8 36. h4 Rh7 37. h5 Ra7 38. Rd1 Kg7 39. Kf3 Kf8 40. Kg3 Ke7 41.
Rd3 Rc8 42. Re3 Nc7 43. Qe2 Rd8 44. Red3 Qb4 45. Qd2 Qxd2 46. R3xd2 a5 47. Kf3
Na6 48. Bxa6 Rxa6 49. c4 Rb6 50. Rb1 Rb4 51. Rdb2 Rdb8 52. Ke3 {(=)} 1/2-1/2

[Event "DVM u16 2005"]
[Site "Berlin"]
[Date "2005.12.30"]
[Round "7.1"]
[White "Katte, Nicolas"]
[Black "Eibl, Maximilian"]
[Result "1/2-1/2"]
[WhiteElo "1769"]
[BlackElo "1849"]
[PlyCount "36"]
[EventDate "2000.??.??"]

1. d4 Nf6 2. Nf3 c5 3. e3 d5 4. c3 Nc6 5. Bd3 Bg4 6. Nbd2 cxd4 7. exd4 e6 8.
O-O Bd6 9. Re1 O-O 10. Qc2 Rc8 11. h3 Nb4 12. Qb1 Nxd3 13. Qxd3 Bf5 14. Qe3 Nd7
15. Nf1 Qc7 16. Qg5 Be4 17. Ne3 Bf4 18. Qh4 Bd6 1/2-1/2

[Event "DVM u16 2005"]
[Site "Berlin"]
[Date "2005.12.30"]
[Round "7.2"]
[White "Fuhrmann, Max"]
[Black "Künitz, Michael"]
[Result "1-0"]
[WhiteElo "1867"]
[BlackElo "1699"]
[PlyCount "91"]
[EventDate "2000.??.??"]

1. e4 e6 2. d4 d5 3. exd5 exd5 4. Qf3 Nf6 5. h3 Bd6 6. Bd3 c6 7. Ne2 O-O 8. O-O
h6 9. c3 Qb6 10. b3 Qc7 11. Bxh6 Ne4 12. Bf4 f5 13. Bxd6 Qxd6 14. Qf4 Qg6 15.
f3 Nf6 16. Ng3 Nh5 17. Nxh5 Qxh5 18. h4 Nd7 19. Nd2 Nf6 20. Rfe1 Bd7 21. Re7
Rae8 22. Rae1 Rxe7 23. Rxe7 Re8 24. Rxe8+ Qxe8 25. Kf2 Qc8 26. Qe5 Kf7 27. Nf1
g6 28. g3 Qd8 29. a4 Qc8 30. Ne3 Qd8 31. Ng2 b5 32. Nf4 Qc8 33. Nh3 Nh7 34. Qd6
Qd8 35. h5 Nf6 36. Ng5+ Kg8 37. hxg6 Ne8 38. Qf4 Qf6 39. Nf7 Qxg6 40. Nh6+ Kh8
41. Bxf5 Bxf5 42. Nxf5 Ng7 43. Qh4+ Qh5 44. Nxg7 Qxh4 45. gxh4 Kxg7 46. Kg3 1-0

[Event "DVM u16 2005"]
[Site "Berlin"]
[Date "2005.12.30"]
[Round "7.3"]
[White "Welke, Vincent"]
[Black "Grafl, Pascal"]
[Result "1/2-1/2"]
[WhiteElo "1437"]
[BlackElo "1650"]
[PlyCount "33"]
[EventDate "2000.??.??"]

1. e4 Nf6 2. e5 Nd5 3. d4 d6 4. Nf3 dxe5 5. dxe5 Nc6 6. Bc4 e6 7. O-O Be7 8.
Re1 O-O 9. Nbd2 a6 10. c3 b5 11. Bb3 Bb7 12. Ne4 Re8 13. Bc2 f5 14. exf6 Nxf6
15. Qxd8 Nxd8 16. Neg5 Bd6 17. Bb3 1/2-1/2